[Event "North Sea Cup 23th"]
[Site "Esbjerg"]
[Date "2008.07.15"]
[Round "7"]
[White "Stubsgaard, Aske Lynge"]
[Black "Trarup, Jorgen"]
[Result "1/2-1/2"]
[WhiteElo "1061"]
[BlackElo "1784"]
[PlyCount "139"]
[EventDate "2008.07.11"]
[EventType "swiss"]
[EventRounds "10"]
[EventCountry "DEN"]
[SourceTitle "CBM 125 Extra"]
[Source "ChessBase"]
[SourceDate "2008.09.01"]
[SourceVersion "1"]
[SourceVersionDate "2008.09.01"]
[SourceQuality "1"]

1. c4 c5 2. Nc3 Nc6 3. g3 e6 4. Bg2 Nge7 5. e4 Nd4 6. Nge2 Nxe2 7. Qxe2 Nc6 8. d3 Be7 9. 0-0 0-0 10. b3 Bf6 11. Bb2 d6 12. Qd2 a6 13. Rab1 Rb8 14. Rfe1 Bd4 15. Ne2 Bxb2 16. Qxb2 e5 17. f4 Nb4 18. Rbd1 Bg4 19. fxe5 dxe5 20. Qxe5 Nc2 21. Qc3 Nxe1 22. Rxe1 Bxe2 23. Rxe2 Qd4+ 24. Qxd4 cxd4 25. Rf2 f6 26. Rf5 Rfd8 27. Bh3 h6 28. Rc5 b6 29. Rc7 a5 30. a4 Rd6 31. Bd7 Kf8 32. Bc6 Re6 33. Bb5 h5 34. Rd7 Re7 35. Rxd4 Kf7 36. Rd5 g6 37. Bc6 Ke6 38. Rb5 Kf7 39. c5 Rc7 40. Bd5+ Ke7 41. d4 Kd8 42. Bc4 Kc8 43. cxb6 Re7 44. Bd5 g5 45. Kf2 h4 46. g4 Kd8 47. b4 axb4 48. Rxb4 Rd7 49. Rb5 Rc8 50. Rc5 Rd6 51. a5 Rb8 52. a6 Rdxb6 53. a7 Rb2+ 54. Ke3 R8b3+ 55. Bxb3 Rxb3+ 56. Kd2 Ra3 57. Rc3 Rxa7 58. Kd3 Kd7 59. h3 Kd6 60. Kc4 Ra4+ 61. Kd3 Rb4 62. Ke3 Ra4 63. Rd3 Rb4 64. Rc3 Ra4 65. Kd3 Rb4 66. Ke3 Rxd4 67. Rd3 Rxd3+ 68. Kxd3 Ke5 69. Ke3 Ke6 70. Kd4 1/2-1/2

[Event "North Sea Cup 23th"]
[Site "Esbjerg"]
[Date "2008.07.14"]
[Round "6"]
[White "Andersen, Daniel"]
[Black "Stubsgaard, Aske Lynge"]
[Result "1-0"]
[WhiteElo "1969"]
[BlackElo "1061"]
[PlyCount "57"]
[EventDate "2008.07.11"]
[EventType "swiss"]
[EventRounds "10"]
[EventCountry "DEN"]
[SourceTitle "CBM 125 Extra"]
[Source "ChessBase"]
[SourceDate "2008.09.01"]
[SourceVersion "1"]
[SourceVersionDate "2008.09.01"]
[SourceQuality "1"]

1. c4 e5 2. Nc3 Nc6 3. Nf3 g6 4. d4 exd4 5. Nxd4 Bg7 6. Nxc6 bxc6 7. e4 Ne7 8. Be3 0-0 9. Bd4 Re8 10. Bxg7 Kxg7 11. Qd4+ Kg8 12. g4 d6 13. Be2 Bb7 14. 0-0-0 Nc8 15. h4 h6 16. Qd2 Kg7 17. f4 c5 18. Bd3 Rb8 19. Rdf1 Rf8 20. Rh3 Qe7 21. Rfh1 Nb6 22. Re3 Nd7 23. Ne2 Rbe8 24. Ng3 Kg8 25. Re2 Bc8 26. h5 g5 27. Nf5 Qf6 28. fxg5 Qxg5 29. Nxh6+ 1-0